Normal view
MARC view
- عبدالله الثاني إبن الحسين، ملك الآردن، 1999؛ اشراف الديوان الملكي الهاشمي؛ اعداد وتحرير بكر خازر المجالي؛ تنسيق منتهى العبداللات، تنسيق جنان ابو زياد، تنسيق زكي مقدادي
Entry Personal Name
001 - CONTROL NUMBER
- control field: 55923
003 - CONTROL NUMBER IDENTIFIER
- control field: JO-AjAnu
005 - DATE AND TIME OF LATEST TRANSACTION
- control field: 20230606083152.0
008 - FIXED-LENGTH DATA ELEMENTS
- fixed length control field: 230606|| aca||aabn | a|a d
040 ## - CATALOGING SOURCE
- Original cataloging agency: JO-AjAnu
- Transcribing agency: JO-AjAnu
100 ## - HEADING--PERSONAL NAME
- Personal name: عبدالله الثاني إبن الحسين، ملك الآردن، 1999؛ اشراف الديوان الملكي الهاشمي؛ اعداد وتحرير بكر خازر المجالي؛ تنسيق منتهى العبداللات، تنسيق جنان ابو زياد، تنسيق زكي مقدادي
670 ## - SOURCE DATA FOUND
- Source citation: Work cat.: (JO-AjAnu)28542: عبدالله الثاني إبن الحسين، ملك الآردن، 1999؛ اشراف الديوان الملكي الهاشمي؛ اعداد وتحرير بكر خازر المجالي؛ تنسيق منتهى العبداللات، تنسيق جنان ابو زياد، تنسيق زكي مقدادي, author, الخطاب السامي لصاحب الجلالة الهاشمية الملك عبدالله الثاني ابن الحسبن المعظم، مج 13